[Event "FSGM February"]
[Site "Budapest HUN"]
[Date "2002.02.06"]
[Round "5"]
[White "Markus,R"]
[Black "Szeberenyi,A"]
[Result "1/2-1/2"]
[WhiteElo "2470"]
[BlackElo "2411"]

1.d4 Nf6 2.c4 g6 3.Nc3 d5 4.cxd5 Nxd5 5.e4 Nxc3 6.bxc3 Bg7 7.Nf3 c5 8.Be3 Qa5
9.Qd2 O-O 10.Rc1 cxd4 11.cxd4 Qxd2+ 12.Nxd2 Nc6 13.d5 Nd4 14.Bc4 Bd7 15.Nb3 Nxb3
16.Bxb3 Rfc8  1/2-1/2

[Event "FSFMA February"]
[Site "Budapest HUN"]
[Date "2002.02.07"]
[Round "6"]
[White "Sebrek,J"]
[Black "Schneider,Ve"]
[Result "0-1"]
[WhiteElo "2059"]
[BlackElo "2046"]

1.d4 Nf6 2.c4 g6 3.Nc3 d5 4.cxd5 Nxd5 5.e4 Nxc3 6.bxc3 Bg7 7.Bb5+ Nc6 8.Be3 O-O
9.Rc1 a6 10.Bxc6 bxc6 11.Qa4 Qd6 12.Ne2 Rb8 13.O-O Rb2 14.Ng3 Be6 15.e5 Qd7
16.c4 c5 17.Qa3 Rb4 18.d5 Bg4 19.Bxc5 Ra4 20.Qb2 Ra5 21.Be3 Qa4 22.Qd4 Bd7
23.Bd2 Rb5 24.Qa7 Rb2 25.Qd4 Bxe5 26.Qxe5 Rxd2 27.Qxc7 Rc8 28.Qe5 Rxc4 29.Rxc4 Qxc4
30.Qxe7 Rxd5 31.a3 Bb5 32.Re1 Qc3 33.h3 Rd3 34.Ne4 Qxe1+ 35.Kh2 Qa1 36.Ng5 Qg7
37.Qc7 Qf8  0-1

[Event "Aeroflot Open"]
[Site "Moscow RUS"]
[Date "2002.02.07"]
[Round "5"]
[White "Kharlov,A"]
[Black "Timofeev,An"]
[Result "1/2-1/2"]
[WhiteElo "2638"]
[BlackElo "2320"]

1.d4 Nf6 2.c4 g6 3.Nc3 d5 4.cxd5 Nxd5 5.e4 Nxc3 6.bxc3 Bg7 7.Bc4 O-O 8.Ne2 c5
9.O-O Nc6 10.Be3 Na5 11.Bd3 b6 12.Rc1 Qc7 13.h4 Be6 14.d5 Bd7 15.c4 e5 16.h5 Nb7
17.Qd2 Rae8 18.f4 exf4 19.Bxf4 Be5 20.Rf2 Bg4 21.hxg6 hxg6 22.Nc3 Bd7 23.Rcf1 Bxf4
24.Qxf4 Qxf4 25.Rxf4 Kg7 26.Rf6 Re7 27.R1f4 Na5 28.Kf2 Bf5 29.Rd6 Bd7 30.Kg3 Rc8
31.Rdf6 Bf5 32.Rd6 Bd7 33.Rf2 Nb7 34.Rdf6 Bf5 35.Rc6 Bd7 36.Rxc8 Bxc8 37.Nb5 a6
38.Nc3 Nd6 39.Rb2 b5 40.cxb5 c4 41.Bc2 axb5 42.Kf3 Bd7  1/2-1/2

[Event "Aeroflot Open"]
[Site "Moscow RUS"]
[Date "2002.02.09"]
[Round "7"]
[White "Najer,E"]
[Black "Mikhalevski,V"]
[Result "1/2-1/2"]
[WhiteElo "2599"]
[BlackElo "2531"]

1.d4 Nf6 2.c4 g6 3.Nc3 d5 4.cxd5 Nxd5 5.e4 Nxc3 6.bxc3 Bg7 7.Bc4 c5 8.Ne2 Nc6
9.Be3 O-O 10.O-O Bg4 11.f3 Na5 12.Bd3 cxd4 13.cxd4 Be6 14.d5 Bxa1 15.Qxa1 f6
16.Rb1 Bf7 17.Bh6 e6 18.Bxf8 Kxf8 19.Nf4 exd5 20.exd5 g5 21.Ne6+ Bxe6 22.dxe6 Qxd3
23.Qxf6+ Kg8 24.Qf7+ Kh8 25.Qf6+  1/2-1/2

[Event "Aeroflot Open"]
[Site "Moscow RUS"]
[Date "2002.02.09"]
[Round "8"]
[White "Korobov,A"]
[Black "Obodchuk,A"]
[Result "1-0"]
[WhiteElo "2511"]
[BlackElo "2438"]

1.d4 Nf6 2.c4 g6 3.Nc3 d5 4.cxd5 Nxd5 5.e4 Nxc3 6.bxc3 Bg7 7.Qa4+ Nd7 8.Nf3 O-O
9.Be2 c5 10.Be3 Nf6 11.Nd2 Ng4 12.Bxg4 Bxg4 13.f3 Bd7 14.Qb3 cxd4 15.cxd4 b5
16.O-O Qa5 17.Rac1 Rfc8 18.Qb2 Be6 19.a3 Qb6 20.f4 a5 21.e5 Bd5 22.Nb3 Bc4
23.Rfd1 Qe6 24.d5 Bxd5 25.Nc5 Qc6 26.Na4 Bc4 27.Nb6 f6 28.Nxa8 Qxa8 29.exf6 Bxf6
30.Bd4 Qa7 31.Kh1 Bxd4 32.Rxd4 a4 33.Rcd1 Qb6 34.Rd7 Qe6 35.h3 Kf7 36.Qd2 Ke8
37.Ra7 Qe2 38.Qxe2 Bxe2 39.Rdd7  1-0

[Event "13th Asian Cities"]
[Site "Aden YEM"]
[Date "2002.02.13"]
[Round "9"]
[White "Al Khaja,A"]
[Black "Janahi,Z"]
[Result "0-1"]
[WhiteElo "2092"]
[BlackElo "2166"]

1.d4 Nf6 2.c4 g6 3.Nc3 d5 4.cxd5 Nxd5 5.e4 Nxc3 6.bxc3 Bg7 7.Bc4 c5 8.Ne2 cxd4
9.cxd4 Nc6 10.Be3 Qa5+ 11.Bd2 Qd8 12.Be3 O-O 13.O-O Na5 14.Bd3 b6 15.Qd2 Re8
16.Rac1 Qd7 17.Bf4 Bb7 18.Rc7 Qd8 19.Bb5 e5 20.Rd7 Qb8 21.Bg5 Bxe4 22.d5 Bf5
23.Re7 Rxe7 24.Bxe7 a6 25.Ba4 Nc4 26.Qb4 b5 27.Bb3 Bf8 28.Rc1 Bxe7 29.Qxe7 Qd8
30.Qxd8+ Rxd8 31.Rxc4 bxc4 32.Bxc4 Be4 33.Bxa6 Bxd5 34.Nc3 Ra8 35.Bb5 Bxa2
36.Nxa2 Rxa2 37.f3 Kg7 38.h3 f5 39.Bc6 h5 40.h4 Kf6 41.Kh2 g5 42.hxg5+ Kxg5
43.Kg3 h4+ 44.Kh3 Kf4 45.Kxh4 Rxg2  0-1

[Event "Petrov Mem Open"]
[Site "St Petersburg RUS"]
[Date "2002.02.13"]
[Round "2"]
[White "Biriukov,O"]
[Black "Voitsekhovsky,S"]
[Result "1-0"]
[WhiteElo "2378"]
[BlackElo "2527"]

1.d4 Nf6 2.c4 g6 3.Nc3 d5 4.cxd5 Nxd5 5.e4 Nxc3 6.bxc3 Bg7 7.Nf3 c5 8.Rb1 O-O
9.Be2 Nc6 10.d5 Bxc3+ 11.Bd2 Bxd2+ 12.Qxd2 Na5 13.h4 Bg4 14.h5 Bxf3 15.gxf3 e5
16.hxg6 fxg6 17.d6 b6 18.Qd5+ Kg7 19.Qxe5+ Qf6 20.Qh2 h5 21.Rd1 Nc6 22.Qg3 Kh6
23.Rd5 Nb4 24.Re5 Qf4 25.Rhxh5+ gxh5 26.Re6+ Kh7 27.Qg6+  1-0

[Event "Petrov Mem Open"]
[Site "St Petersburg RUS"]
[Date "2002.02.18"]
[Round "7"]
[White "Ovod,E"]
[Black "Yandemirov,V"]
[Result "0-1"]
[WhiteElo "2355"]
[BlackElo "2502"]

1.d4 Nf6 2.c4 g6 3.Nc3 d5 4.cxd5 Nxd5 5.e4 Nxc3 6.bxc3 Bg7 7.Bb5+ Nc6 8.Nf3 O-O
9.O-O Na5 10.Be3 c6 11.Bd3 Be6 12.Qe2 b5 13.Nd2 Qc7 14.a4 a6 15.Ra3 c5 16.axb5 c4
17.Bc2 axb5 18.Rfa1 Rfb8 19.Nf3 Qd8 20.h3 Nb7 21.Qe1 Nd6 22.Qb1 Rxa3 23.Rxa3 b4
24.cxb4 Nb5 25.Ra6 Nxd4 26.Nxd4 Bxd4 27.Bxd4 Qxd4 28.b5 Qc5 29.Ra5 Bd7 30.Qa1 Bxb5
31.Ba4 Qb4 32.Qe5 Bxa4 33.Rxa4 Qb1+ 34.Kh2 Rc8 35.Ra7 Qb6 36.Rxe7 Qxf2 37.Re8+ Rxe8
38.Qxe8+ Kg7 39.Qe5+ Qf6 40.Qc7 Qd4 41.e5 Qf4+ 42.Kh1 h5 43.Qc6 h4 44.e6 fxe6
45.Qxe6 Qc7 46.Qe4 Qc5 47.Qc2 c3 48.Kh2 Kf6 49.Kh1 g5 50.Kh2 Qc4 51.Kg1 Qd4+
52.Kh1 Qe3 53.Qh7 Qc5 54.Qc2 Kg7 55.Kh2 Qe5+ 56.Kh1 Qe1+ 57.Kh2 g4 58.hxg4 Qg3+
59.Kh1 h3  0-1

[Event "Petrov Mem Open"]
[Site "St Petersburg RUS"]
[Date "2002.02.19"]
[Round "8"]
[White "Golovchenko,G"]
[Black "Rogovoi,M"]
[Result "1-0"]
[WhiteElo "2308"]
[BlackElo "2187"]

1.d4 Nf6 2.c4 g6 3.Nc3 d5 4.cxd5 Nxd5 5.e4 Nxc3 6.bxc3 Bg7 7.Bc4 O-O 8.Ne2 Nc6
9.Be3 b6 10.Qd2 Bb7 11.Rd1 Qd7 12.f3 e6 13.h4 Na5 14.Bd3 f5 15.e5 Bd5 16.h5 Rfe8
17.hxg6 hxg6 18.Bh6 Nc4 19.Qg5 Nb2 20.Bxg7 Qxg7 21.Rh6 Kf7 22.Nf4 Rg8 23.Rd2 Nxd3+
24.Rxd3 Bc4 25.Rd1 Rh8 26.Rxg6 Qh7 27.Qf6+ Ke8 28.Rg7  1-0

[Event "Aphrodite"]
[Site "Athens GRE"]
[Date "2002.02.22"]
[Round "8"]
[White "Shumiakina,T"]
[Black "Savova,S"]
[Result "1-0"]
[WhiteElo "2358"]
[BlackElo "2168"]

1.d4 Nf6 2.c4 g6 3.Nc3 d5 4.cxd5 Nxd5 5.e4 Nxc3 6.bxc3 Bg7 7.Bb5+ c6 8.Ba4 O-O
9.Ne2 Bg4 10.f3 Bd7 11.O-O Qc7 12.Be3 Rd8 13.Rb1 b5 14.Bb3 Be8 15.Qc1 Nd7
16.Kh1 Rac8 17.Bf4 Qa5 18.Bh6 Qc7 19.Ng3 Bh8 20.Qg5 c5 21.e5 Nf8 22.Qh4 Bg7
23.Bg5 c4 24.Bc2 f6 25.exf6 exf6 26.Bxf6 Bxf6 27.Qxf6 Qa5 28.Rbe1 Qxc3 29.Re7 Qxd4
30.Rg7+ Kh8 31.Qxf8+  1-0

[Event "9th Open Metalis"]
[Site "Bizovac CRO"]
[Date "2002.02.23"]
[Round "5"]
[White "Feletar,D"]
[Black "Leventic,I"]
[Result "1/2-1/2"]
[WhiteElo "2469"]
[BlackElo "2439"]

1.d4 Nf6 2.c4 g6 3.Nc3 d5 4.cxd5 Nxd5 5.e4 Nxc3 6.bxc3 Bg7 7.Bc4 c5 8.Ne2 cxd4
9.cxd4 Nc6 10.Be3 O-O 11.O-O Bg4 12.f3 Na5 13.Bxf7+ Rxf7 14.fxg4 Rxf1+ 15.Kxf1 e5
16.d5 Nc4 17.Bf2 Qf6 18.Kg1 Rf8 19.Qe1 Bh6 20.Ng3 Qa6 21.Qe2 Qa4  1/2-1/2

[Event "9th Open Metalis"]
[Site "Bizovac CRO"]
[Date "2002.02.23"]
[Round "6"]
[White "Jovanovic,Zo2"]
[Black "Feletar,D"]
[Result "1/2-1/2"]
[WhiteElo "2360"]
[BlackElo "2469"]

1.d4 Nf6 2.c4 g6 3.Nc3 d5 4.cxd5 Nxd5 5.e4 Nxc3 6.bxc3 Bg7 7.Bc4 c5 8.Ne2 O-O
9.O-O Nc6 10.Be3 Bg4 11.f3 cxd4 12.cxd4 Na5 13.Bxf7+ Rxf7 14.fxg4 Rxf1+ 15.Kxf1 e5
16.d5 Nc4 17.Bf2 Qf6 18.Kg1 Rf8 19.Qe1 Bh6 20.Ng3 Qa6 21.Qe2 Qa4 22.Kh1 b6
23.Rf1  1/2-1/2

[Event "Bundesliga 2001-2"]
[Site "Porz GER"]
[Date "2002.02.23"]
[Round "8"]
[White "Van Wely,L"]
[Black "Berndt,S"]
[Result "1-0"]
[WhiteElo "2697"]
[BlackElo "2482"]

1.d4 Nf6 2.c4 g6 3.Nc3 d5 4.cxd5 Nxd5 5.e4 Nxc3 6.bxc3 Bg7 7.Bc4 O-O 8.Ne2 c5
9.O-O Nc6 10.Be3 Na5 11.Bd3 b6 12.Qd2 Bb7 13.Rac1 Qd7 14.d5 c4 15.Bc2 e6
16.dxe6 Qxe6 17.Nd4 Qe7 18.Rfe1 Nc6 19.Rcd1 Rfd8 20.Bg5 f6 21.Bh4 Qa3 22.Bb1 Nxd4
23.cxd4 b5 24.e5 fxe5 25.Bxd8 Rxd8 26.Qg5 Qd6 27.d5 Rf8 28.Qe3 a6 29.g3 Bc8
30.Be4 Bd7 31.h4 Bg4 32.Rc1 Bf5 33.Rc2 Rd8 34.Rd1 Bg4 35.f3 Bd7 36.Kg2 Rf8
37.Rh1 Bf6 38.h5 g5 39.h6 Bd8 40.Re2 Qf6 41.d6 Kh8 42.Qc5 Ba5 43.Rc1 Rc8
44.Qa7 Qxd6 45.Bf5 Rd8 46.Bxd7 Rxd7 47.Rxe5 Kg8 48.Rxg5+ Kh8 49.Qe3 Re7 50.Rd1 Qf6
51.Rf5 Qxf5 52.Qxe7 Qc2+ 53.Kh3 Qf5+ 54.Kh4  1-0

[Event "Jersey Open"]
[Site "St Helier JCI"]
[Date "2002.03.02"]
[Round "7"]
[White "Lambie,I"]
[Black "Hodgson,Jo"]
[Result "0-1"]
[WhiteElo "2132"]
[BlackElo "2195"]

1.d4 Nf6 2.c4 g6 3.Nc3 d5 4.cxd5 Nxd5 5.e4 Nxc3 6.bxc3 Bg7 7.Nf3 c5 8.Rb1 O-O
9.Be2 cxd4 10.cxd4 Qa5+ 11.Bd2 Qxa2 12.O-O Qe6 13.Qc2 Qc6 14.Qd3 Qd6 15.Rfc1 Qd8
16.Qc4 b6 17.Qa4 Bd7 18.Qa3 e6 19.Bg5 f6 20.Bf4 Re8 21.Bc7 Qe7 22.Bd6 Qd8
23.Rc7 Bf8 24.Rbc1 Bc6 25.e5 Qxc7 26.d5 exd5 27.Nd4 fxe5 28.Bxf8 exd4 29.Bd6 Qb7
30.Bf3 Nd7 31.g3 Ne5 32.Bxe5 Rxe5 33.Qd6 Qe7 34.Qxc6 Rd8 35.Rd1 Re1+ 36.Rxe1 Qxe1+
37.Kg2 Qe5 38.Qb5 Kg7 39.Qa4 a5 40.Qb3 Rd6 41.Qb5 h5  0-1

[Event "FSGM March"]
[Site "Budapest HUN"]
[Date "2002.03.06"]
[Round "5"]
[White "Lukacs,P"]
[Black "Dembo,Y"]
[Result "1-0"]
[WhiteElo "2444"]
[BlackElo "2346"]

1.d4 Nf6 2.c4 g6 3.Nc3 d5 4.cxd5 Nxd5 5.e4 Nxc3 6.bxc3 Bg7 7.Bc4 O-O 8.Ne2 c5
9.O-O Nc6 10.Be3 Na5 11.Bd3 cxd4 12.cxd4 b6 13.Rc1 Bb7 14.d5 Rc8 15.Qd2 Qd7
16.Nd4 Rxc1 17.Rxc1 Rc8 18.Bb5 Rxc1+ 19.Qxc1 Qd6 20.Bf1 Qd7 21.Nb5 Ba6 22.a4 h5
23.Bf4 Nb3 24.Qc6 Qg4 25.Qe8+ Bf8 26.Bh6 Qc8 27.Qxc8 Bxc8 28.Bxf8 Kxf8 29.Nxa7 Bd7
30.Bb5 Ke8 31.f3 Bxb5 32.Nxb5 Nc5 33.Nc3 Kd7 34.Kf2 Nd3+ 35.Ke3 Ne1 36.g4 h4
37.e5 Ng2+ 38.Ke4 Ne1 39.f4 Nc2 40.Nb5 Nb4 41.Nc3 Nc2 42.h3 Nb4 43.f5 Nc2
44.e6+ Ke8 45.fxg6 fxg6 46.Kf4 Kf8 47.g5 Nd4 48.Ne4 Nf5 49.Ke5 Ne3 50.d6 Nc4+
51.Kd5 Ne3+ 52.Kc6 exd6 53.Kd7 Nd5 54.Kxd6 Ne7 55.Nf6  1-0

[Event "FSIMB March"]
[Site "Budapest HUN"]
[Date "2002.03.08"]
[Round "7"]
[White "Dombai,I"]
[Black "Dub,Z"]
[Result "0-1"]
[WhiteElo "2214"]
[BlackElo "2238"]

1.d4 Nf6 2.c4 g6 3.Nc3 d5 4.cxd5 Nxd5 5.e4 Nxc3 6.bxc3 Bg7 7.Bb5+ c6 8.Ba4 b5
9.Bb3 b4 10.Ne2 bxc3 11.Be3 O-O 12.h4 Nd7 13.h5 c5 14.hxg6 hxg6 15.Nf4 cxd4
16.Qg4 dxe3 17.O-O-O Qa5 18.Kc2 Qa3 19.Nxg6 Qb2+ 20.Kd3 Nc5+ 21.Kxe3 Bd4+  0-1

[Event "Anibal Open"]
[Site "Linares ESP"]
[Date "2002.03.08"]
[Round "8"]
[White "Watanabe,A"]
[Black "De la Villa Garcia,J"]
[Result "0-1"]
[WhiteElo "2381"]
[BlackElo "2451"]

1.d4 Nf6 2.c4 g6 3.Nc3 d5 4.cxd5 Nxd5 5.e4 Nxc3 6.bxc3 Bg7 7.Nf3 c5 8.Rb1 O-O
9.Be2 Qa5 10.O-O Qxc3 11.d5 Qa5 12.Bg5 Qc7 13.Qd2 Bg4 14.e5 Bxf3 15.d6 exd6
16.exd6 Qd7 17.Bxf3 Nc6 18.Be7 Rfe8 19.Rfe1 Rac8 20.Bd5 Kh8 21.Qf4 Nxe7 22.Qxf7 Qxd6
23.Bxb7 Rb8 24.Bf3 Qf6  0-1

[Event "Anibal Open"]
[Site "Linares ESP"]
[Date "2002.03.08"]
[Round "8"]
[White "Estremera Panos,S"]
[Black "Herrera,I"]
[Result "1/2-1/2"]
[WhiteElo "2385"]
[BlackElo "2474"]

1.d4 Nf6 2.c4 g6 3.Nc3 d5 4.cxd5 Nxd5 5.e4 Nxc3 6.bxc3 Bg7 7.Nf3 c5 8.Bb5+ Nc6
9.O-O cxd4 10.cxd4 O-O 11.Be3 Bg4 12.Bxc6 bxc6 13.Rc1 Qa5 14.Qe2 Qb5 15.Qxb5 cxb5
16.Rc5  1/2-1/2

[Event "TCh-CZE 2001-2"]
[Site "CZE"]
[Date "2002.03.09"]
[Round "8"]
[White "Cech,P"]
[Black "Lechtynsky,J"]
[Result "1/2-1/2"]
[WhiteElo "2327"]
[BlackElo "2409"]

1.d4 g6 2.c4 Nf6 3.Nc3 d5 4.cxd5 Nxd5 5.e4 Nxc3 6.bxc3 Bg7 7.Nf3 c5 8.Rb1 O-O
9.Be2 Qa5 10.Rb5 Qxa2 11.Rxc5 Nd7 12.Rb5 Nf6 13.Bd3 b6 14.O-O Bb7 15.Re1 Rac8
16.c4 Rxc4 17.Rb2 Qa4 18.Bxc4 Qxc4 19.Ne5 Qe6 20.f3 Nd7 21.Nxd7 Qxd7 22.Be3 f5
23.e5 Bd5 24.Qd2 Bc4 25.Ra1 Rc8 26.h3 e6 27.Qb4 Bf8 28.Qa4 Qxa4 29.Rxa4 Rc7
30.Bd2 Bd5 31.Ra1 Kf7 32.Bb4 Bh6 33.Bd2 Bf8 34.Bb4 Bh6 35.Bd2  1/2-1/2

[Event "ch-RUS Boys U20"]
[Site "Vladimir RUS"]
[Date "2002.03.09"]
[Round "8"]
[White "Sultangareev,M"]
[Black "Danin,A"]
[Result "1/2-1/2"]
[WhiteElo "2327"]
[BlackElo "2314"]

1.d4 Nf6 2.c4 g6 3.Nc3 d5 4.cxd5 Nxd5 5.e4 Nxc3 6.bxc3 Bg7 7.Ba3 O-O 8.Nf3 b6
9.Be2 c5 10.O-O cxd4 11.cxd4 Nc6 12.Rc1 Nxd4 13.Nxd4 Qxd4 14.Qxd4 Bxd4 15.Rfd1 Bf6
16.f4 Be6 17.e5 Bg7 18.Bxe7 Rfe8 19.Rc7 Rec8 20.Rdc1 Bf8 21.Bxf8 Kxf8 22.Kf2 Rxc7
23.Rxc7 Bxa2 24.Bf3 Rd8 25.Rxa7 Rd2+ 26.Ke3 Rb2 27.h4 Be6 28.g4 Rb3+ 29.Kf2 b5
30.h5 Rb2+ 31.Kg3 Rb3 32.Kf2 Kg7 33.hxg6 hxg6 34.f5 gxf5 35.gxf5 Rxf3+ 36.Kxf3 Bxf5
37.Rb7 Be6 38.Rxb5 f6 39.Kf4 fxe5+ 40.Kxe5 Bc4 41.Rb6  1/2-1/2

[Event "Ciocaltea Mem"]
[Site "Bucharest ROM"]
[Date "2002.03.10"]
[Round "7"]
[White "Bets,A"]
[Black "Lupulescu,C"]
[Result "1/2-1/2"]
[WhiteElo "2383"]
[BlackElo "2473"]

1.d4 Nf6 2.c4 g6 3.Nc3 d5 4.cxd5 Nxd5 5.e4 Nxc3 6.bxc3 Bg7 7.Nf3 c5 8.Rb1 O-O
9.Be2 cxd4 10.cxd4 Qa5+ 11.Bd2 Qxa2 12.O-O Bg4 13.Bg5 h6 14.Be3 Nc6 15.d5 Na5
16.Bc5 Bf6 17.e5 Bxe5 18.Rb4 Bxf3 19.Bxf3 Rae8 20.Bxa7 Qa3 21.Ra4 Qc3 22.Qb1 Nc4
23.Rc1 Nd2 24.Rxc3 Nxb1 25.Re3 Rc8 26.g3 Bd6 27.Rh4 Kg7 28.Be2 f6 29.Rb3 Nc3
30.Bf1 g5 31.Rc4 Rxc4 32.Bxc4 Rc8 33.Bf1 b5 34.Bxb5 Nxb5 35.Rxb5 Rc1+ 36.Kg2 Rd1
37.h3 h5 38.Bb8 Bxb8 39.Rxb8 Rxd5 40.Rb7 Kf7 41.Rb4 Kg6 42.g4 e5 43.Rb7 Rd4
44.Kg3 Rd3+ 45.Kg2 Rc3 46.Re7 Rc8 47.Kg3 h4+ 48.Kg2 Rf8 49.Ra7 Rf7 50.Ra6 Rb7
51.Rc6 Kf7 52.Ra6 Ke7 53.Kf3 Rb3+ 54.Kg2 Rd3 55.Rb6 Rd6 56.Rb5 Ke6 57.Ra5 e4
58.Rb5 Rd2 59.Rb8 Ke5 60.Rb5+ Rd5 61.Rb6 Rc5 62.Rb2 Rd5 63.Re2 Kf4 64.Ra2 f5
65.gxf5 Rxf5 66.Ra4 Rd5 67.Ra8 Rd6 68.Rf8+ Ke5 69.Rg8 Kf5 70.Rf8+ Rf6 71.Re8 Re6
72.Rf8+ Kg6 73.Kg1 Kg7 74.Rf5 Kg6 75.Rf8 Rb6 76.Kg2 Ra6 77.Rg8+ Kf5 78.Rf8+ Rf6
79.Re8 Kf4 80.Re7 Rf8 81.Rg7 Kf5 82.Kg1 Re8 83.Kg2 e3 84.fxe3 Rxe3 85.Rf7+ Ke4
86.Re7+ Kd3 87.Rg7 Rg3+ 88.Kh2 Ke3 89.Ra7  1/2-1/2

[Event "ch-POL w"]
[Site "Ostrow POL"]
[Date "2002.03.10"]
[Round "6"]
[White "Radziewicz,I"]
[Black "Grabarska,B"]
[Result "1/2-1/2"]
[WhiteElo "2395"]
[BlackElo "2302"]

1.d4 Nf6 2.c4 g6 3.Nc3 d5 4.cxd5 Nxd5 5.e4 Nxc3 6.bxc3 Bg7 7.Nf3 c5 8.Rb1 O-O
9.Be2 b6 10.O-O Bb7 11.d5 Bxc3 12.Bc4 Bg7 13.Qe2 Qc8 14.Bb2 Bxb2 15.Rxb2 Ba6
16.Bxa6 Nxa6 17.h4 Nc7 18.Qe3 Qg4 19.g3 f5 20.Ng5 h6 21.f3 Qxg3+ 22.Rg2 Qe5
23.Nh3 Kh7 24.Nf4 Rf6 25.h5 gxh5 26.Nxh5 Rg6 27.Rxg6 Kxg6 28.Rf2 Kh7 29.Rg2 Ne8
30.Nf4 fxe4 31.Ne6 Qa1+ 32.Kh2 Qe5+ 33.Kg1 Qa1+ 34.Kh2 Qe5+ 35.Kg1  1/2-1/2

[Event "FSGM March"]
[Site "Budapest HUN"]
[Date "2002.03.14"]
[Round "13"]
[White "Erdos,V"]
[Black "Dembo,Y"]
[Result "1/2-1/2"]
[WhiteElo "2383"]
[BlackElo "2346"]

1.d4 Nf6 2.c4 g6 3.Nc3 d5 4.cxd5 Nxd5 5.e4 Nxc3 6.bxc3 Bg7 7.Bc4 O-O 8.Ne2 c5
9.O-O Nc6 10.Be3 Qc7 11.Rc1 Rd8 12.d5 Ne5 13.Bf4 Qa5 14.Bb3 Bd7 15.c4 b5
16.Bxe5 Bxe5 17.f4 Bg7 18.e5 bxc4 19.Bxc4 Bb5 20.Qd3 Bxc4 21.Qxc4 Rac8  1/2-1/2

[Event "Bundesliga 2001-2"]
[Site "Luebeck GER"]
[Date "2002.03.16"]
[Round "10"]
[White "Naumann,A"]
[Black "Wilhelmi,C"]
[Result "1-0"]
[WhiteElo "2508"]
[BlackElo "2440"]

1.d4 Nf6 2.c4 g6 3.Nc3 d5 4.cxd5 Nxd5 5.e4 Nxc3 6.bxc3 Bg7 7.Nf3 c5 8.Be3 Qa5
9.Qd2 Nc6 10.Rb1 b6 11.Bb5 Bd7 12.d5 a6 13.Bxc6 Bxc6 14.Rc1 Ba4 15.O-O O-O
16.Bh6 Rad8 17.Qf4 f6 18.Bxg7 Kxg7 19.c4 b5 20.cxb5 Bxb5 21.Rxc5 Qxa2 22.Rfc1 Qb2
23.h4 Bd7 24.Rc7 Qb6 25.Nd2 Rf7 26.Nc4 Qd4 27.Na5 Bb5 28.Nb3 Qb6 29.Nc5 Rd6
30.Rb7  1-0

[Event "Bundesliga 2001-2"]
[Site "Stuttgart GER"]
[Date "2002.03.16"]
[Round "10"]
[White "Hertneck,G"]
[Black "Holzke,F"]
[Result "1/2-1/2"]
[WhiteElo "2551"]
[BlackElo "2478"]

1.d4 Nf6 2.c4 g6 3.Nc3 d5 4.cxd5 Nxd5 5.e4 Nxc3 6.bxc3 Bg7 7.Bc4 c5 8.Ne2 Nc6
9.Be3 O-O 10.O-O Bg4 11.f3 Na5 12.Bxf7+ Rxf7 13.fxg4 Rxf1+ 14.Kxf1 Qd6 15.Kg1 Qe6
16.Qd3 Qc4 17.Qxc4+ Nxc4 18.Bg5 cxd4 19.cxd4 e5 20.dxe5 Bxe5 21.Rd1 Nd6 22.Bf4 Bxf4
23.Nxf4 Nxe4 24.Rd7 Rf8 25.Ne6 Re8 26.Nd4 Rc8 27.h3 Rc1+ 28.Kh2 Rd1 29.Rd8+ Kf7
30.Nc6 Rd6 31.Rxd6 Nxd6 32.Nxa7 g5 33.Kg3 Ke6 34.h4 h6 35.Kf3 Kd5 36.g3 Kc5
37.Ke3 Kb6 38.Kd4 Kxa7 39.Ke5 Nc4+ 40.Kf6 gxh4 41.gxh4 Ne3 42.g5 Nd5+ 43.Kg6 hxg5
44.Kxg5 Ne7 45.h5 Ng8 46.Kg6 Kb6 47.Kg7 Ne7 48.Kf6 Ng8+ 49.Kg7 Ne7 50.Kf6  1/2-1/2

[Event "57th ch-YUG"]
[Site "Banja Koviljaca YUG"]
[Date "2002.03.18"]
[Round "3"]
[White "Ostojic,N"]
[Black "Pavlovic,Mi"]
[Result "1/2-1/2"]
[WhiteElo "2475"]
[BlackElo "2497"]

1.d4 Nf6 2.c4 g6 3.Nc3 d5 4.cxd5 Nxd5 5.e4 Nxc3 6.bxc3 Bg7 7.Be3 c5 8.Qd2 cxd4
9.cxd4 Nc6 10.Rd1 Bg4 11.f3 Bd7 12.d5 Ne5 13.Bd4 O-O 14.f4 Ng4 15.Bxg7 Kxg7
16.h3 Nf6 17.Bd3 Rc8 18.Ne2 Qb6 19.Rb1 Qc5 20.Rc1 Qb6 21.Rb1 Qc5 22.Rc1 Qb6  1/2-1/2

[Event "Spring Festival"]
[Site "Budapest HUN"]
[Date "2002.03.20"]
[Round "6"]
[White "Szobi,G jr"]
[Black "Csapo,Z"]
[Result "0-1"]
[WhiteElo "2138"]
[BlackElo "2193"]

1.d4 Nf6 2.c4 g6 3.Nc3 d5 4.cxd5 Nxd5 5.e4 Nxc3 6.bxc3 Bg7 7.Bc4 c5 8.Ne2 Nc6
9.Be3 cxd4 10.cxd4 Qa5+ 11.Kf1 O-O 12.Rc1 Kh8 13.h4 h5 14.Qb3 e5 15.Bxf7 exd4
16.Bg5 Ne5 17.Bd5 d3 18.Nf4 Bd7 19.Qd1 Qb6 20.Rb1 Bg4 21.f3 Qd4 22.fxg4 Rac8
23.Rb2 Qxb2 24.Kg1 Rxf4 25.Bxf4 Qd4+ 26.Kh2 Nxg4+ 27.Kg3 Qf2+ 28.Kh3 Qxf4
29.g3 Qe3 30.Qg1 Qxg1 31.Rxg1 Rc2  0-1

[Event "Spring Festival"]
[Site "Budapest HUN"]
[Date "2002.03.21"]
[Round "7"]
[White "Varga,Cs2"]
[Black "Kolendo,M"]
[Result "1-0"]
[WhiteElo "2089"]
[BlackElo "2188"]

1.d4 Nf6 2.c4 g6 3.Nc3 d5 4.cxd5 Nxd5 5.e4 Nxc3 6.bxc3 Bg7 7.Nf3 O-O 8.Be3 c5
9.Rc1 Bg4 10.Be2 Qc7 11.O-O Nd7 12.Qb3 e5 13.h3 Bxf3 14.Bxf3 b6 15.Rfd1 Rfd8
16.d5 Bf8 17.Bg5 Re8 18.d6 Qb7 19.Bg4 h5 20.Be2 Qxe4 21.Bd3 c4 22.Bxe4 cxb3
23.Bxa8 Rxa8 24.axb3 f6 25.Be3 Kf7 26.c4 Ke6 27.c5 bxc5 28.Bxc5 a5 29.b4 axb4
30.Bxb4 Ra6 31.Rc8 Rb6 32.Ba3 Rb3 33.Ra8 h4 34.Rc1 e4 35.Rcc8 Rb1+ 36.Rc1 Rxc1+
37.Bxc1 Bxd6 38.Re8+ Kf5 39.Kf1 Be5 40.Be3 Bb2 41.g4+ hxg3 42.fxg3 g5 43.g4+ Kg6
44.Rxe4 f5 45.Re6+ Nf6 46.Rb6 Ba1 47.Rb5 f4 48.Bb6 Ne4 49.Bd8 f3 50.Bb6 Bc3
51.Be3 Kh6 52.h4 Bf6 53.Rb4 Nc3 54.hxg5+ Bxg5 55.Rb6+  1-0

[Event "13th Goodricke"]
[Site "Calcutta IND"]
[Date "2002.03.21"]
[Round "5"]
[White "Abdulla,Al"]
[Black "Konguvel,P"]
[Result "0-1"]
[WhiteElo "2432"]
[BlackElo "2404"]

1.d4 Nf6 2.c4 g6 3.Nc3 d5 4.cxd5 Nxd5 5.e4 Nxc3 6.bxc3 Bg7 7.Bc4 c5 8.Ne2 Nc6
9.Be3 O-O 10.Rc1 cxd4 11.cxd4 Qa5+ 12.Kf1 Qa3 13.e5 Bg4 14.Qb3 Qxb3 15.axb3 Na5
16.f3 Bd7 17.Kf2 Rac8 18.Bd2 Nxc4 19.bxc4 f6 20.Ng3 fxe5 21.d5 Bf5 22.Ke2 Rfd8
23.Rhd1 b6 24.Ne4 e6 25.g4 Bxe4 26.fxe4 exd5 27.cxd5 Bf6 28.Be3 Kf7 29.Rc6 Rxc6
30.dxc6 Rxd1  0-1

[Event "ch-CAN"]
[Site "Richmond CAN"]
[Date "2002.03.21"]
[Round "1"]
[White "Roussel Roozmon,T"]
[Black "Glinert,S"]
[Result "0-1"]
[WhiteElo "2140"]
[BlackElo "2278"]

1.d4 Nf6 2.c4 g6 3.Nc3 d5 4.cxd5 Nxd5 5.e4 Nxc3 6.bxc3 Bg7 7.Nf3 O-O 8.Be3 c5
9.Qd2 Qa5 10.Rc1 cxd4 11.cxd4 Qxd2+ 12.Kxd2 Rd8 13.Ke1 e6 14.Bc4 Nc6 15.Rd1 b6
16.Ke2 Bb7 17.Kd3 Rac8 18.a3 Na5 19.Ba2 Ba6+ 20.Kd2 Bf8  0-1

[Event "13th Goodricke"]
[Site "Calcutta IND"]
[Date "2002.03.22"]
[Round "6"]
[White "Singh,SV"]
[Black "Hossain,Enam"]
[Result "1/2-1/2"]
[WhiteElo "2299"]
[BlackElo "2426"]

1.d4 Nf6 2.c4 g6 3.Nc3 d5 4.cxd5 Nxd5 5.e4 Nxc3 6.bxc3 Bg7 7.Bc4 O-O 8.Ne2 Nc6
9.O-O b6 10.Be3 Bb7 11.f3 Qd7 12.Rc1 Na5 13.Bd3 c5 14.d5 c4 15.Bc2 e6 16.dxe6 Qxe6
17.Nd4 Qe7 18.Qd2 Nc6 19.Ba4 Nxd4 20.cxd4 f5 21.Bg5 Qa3 22.Bb5 fxe4 23.Bxc4+ Kh8
24.fxe4 Bxe4 25.Bh6 Bxh6 26.Qxh6 Qd6 27.Qe3 Bf5 28.d5 Rfe8 29.Qd4+ Qe5 30.Qxe5+ Rxe5
31.Bb3 Re7 32.Rfe1 Rxe1+ 33.Rxe1 Rd8 34.Kf2 Rd7 35.Re8+ Kg7 36.Ke3 Kf7 37.Ra8 Kf6
38.Kd4 Re7 39.d6 Re4+ 40.Kd5 Re5+ 41.Kc4 a5 42.Ra7 h5 43.Kd4 Re4+ 44.Kd5 Re2
45.Kc6 Rxg2 46.h4 Rd2 47.Rf7+ Ke5 48.Re7+ Kf6 49.Rf7+ Ke5 50.Re7+ Kf6 51.Rf7+  1/2-1/2

[Event "57th ch-YUG"]
[Site "Banja Koviljaca YUG"]
[Date "2002.03.23"]
[Round "7"]
[White "Antic,D"]
[Black "Popovic,P"]
[Result "1-0"]
[WhiteElo "2470"]
[BlackElo "2533"]

1.d4 Nf6 2.c4 g6 3.Nc3 d5 4.cxd5 Nxd5 5.e4 Nxc3 6.bxc3 Bg7 7.Bc4 O-O 8.Ne2 Nc6
9.O-O e5 10.d5 Na5 11.Bd3 b6 12.c4 Nb7 13.Be3 Qe7 14.Nc3 f5 15.f3 Bd7 16.Nb5 c5
17.dxc6 Bxc6 18.Nc3 Nc5 19.Nd5 Qd6 20.a4 Rab8 21.Bc2 Rf7 22.a5 Bf8 23.Qd2 Bxd5
24.cxd5 f4 25.Bf2 b5 26.Rfc1 Rc7 27.Bd1 a6 28.g3 fxg3 29.hxg3 Rbc8 30.Rab1 Qf6
31.Be3 Bd6 32.Rc3 Nd7 33.Rc6 Rxc6 34.dxc6 Nb8 35.Rc1 Kg7 36.Bh6+ Kf7 37.Bb3+ Ke8
38.Qd5 Ke7 39.f4 Bc7 40.Bg5  1-0

[Event "Suetin Mem"]
[Site "Tula RUS"]
[Date "2002.03.25"]
[Round "3"]
[White "Timofeev,S2"]
[Black "Kalichkin,I"]
[Result "1/2-1/2"]
[WhiteElo "2244"]
[BlackElo "2268"]

1.d4 Nf6 2.c4 g6 3.Nc3 d5 4.cxd5 Nxd5 5.e4 Nxc3 6.bxc3 Bg7 7.Bc4 O-O 8.Ne2 c5
9.O-O Nc6 10.Be3 cxd4 11.cxd4 Bg4 12.f3 Na5 13.Rc1 Nxc4 14.Rxc4 Bd7 15.Qb3 b5
16.Rc5 e6 17.Rfc1 Qa5 18.Qc2 Qa6 19.Rc7 Rfc8 20.Qd2 Rxc7 21.Rxc7 Be8 22.d5 Be5
23.Rc5 Bd6 24.Rc2 e5 25.f4 Qb7 26.Bc5  1/2-1/2

[Event "13th Goodricke"]
[Site "Calcutta IND"]
[Date "2002.03.26"]
[Round "10"]
[White "Singh,SV"]
[Black "Konguvel,P"]
[Result "1-0"]
[WhiteElo "2299"]
[BlackElo "2404"]

1.d4 Nf6 2.c4 g6 3.Nc3 d5 4.cxd5 Nxd5 5.e4 Nxc3 6.bxc3 Bg7 7.Bc4 c5 8.Ne2 Nc6
9.Be3 O-O 10.O-O Bg4 11.f3 Na5 12.Bd3 cxd4 13.cxd4 Be6 14.Rc1 Bxa2 15.Qa4 Bb3
16.Qb4 b6 17.Bg5 f6 18.Be3 Qd6 19.Qxd6 exd6 20.d5 f5 21.Nd4 fxe4 22.fxe4 Rxf1+
23.Kxf1 Bc4 24.Rxc4 Nxc4 25.Bxc4 Re8 26.Bd3 a5 27.Nb5 Be5 28.h3 a4 29.Ke2 Rc8
30.Bd2 Kf7 31.Bb4 Ke7 32.Ba3 h5 33.Na7 Rc3 34.Nc6+ Kf6 35.Bb2 Rc5 36.Nxe5 dxe5
37.Kd2 Ra5 38.Ba3 Kf7 39.Kc3 Ke8 40.Kb4 Rc5 41.Kxa4 Rc3 42.Bb5+ Kd8 43.Bc6 Rc4+
44.Kb5 Rxe4 45.d6 Re1 46.Kxb6 e4 47.Bb4 Rd1 48.Kc5 Ra1 49.Bxe4 g5 50.Bd2 Kc8
51.Bf5+ Kb7 52.d7 Kc7 53.Bxg5  1-0